| 000 | 00410nam a22001697a 4500 | ||
|---|---|---|---|
| 005 | 20250620141826.0 | ||
| 008 | 250506b |||||||| |||| 00| 0 eng d | ||
| 020 | _a9789356999978 | ||
| 040 | _cSDCL | ||
| 041 | _aeng | ||
| 084 | _aO-,3NBC R4 LR | ||
| 100 | _aBhagat, Chetan | ||
| 245 | _a11 Rules for Life | ||
| 260 |
_aGurugram : _bHarper Collins, _c2024 |
||
| 300 | _axxvi, 219p | ||
| 942 |
_2CC _cGB |
||
| 999 |
_c1311825 _d1311825 |
||